|
003 -Nazwa inst., której nr kontr. jest w polu 001 [,]
|
-
- @
- Nazwa instytucji, której n kontrolny jest w polu 001
- NUKAT
|
|
005 -DATA I CZAS OSTATNIEJ MODYFIKACJI [,]
|
-
- @
- pole kontrolne
- 20241231093045.0
|
|
020 -Międzynarod. znormalizowany nr książki - ISBN [ , ]
|
-
- a
- Numer ISBN
- 9788377678886
|
|
040 -Instytucja sporządzająca opis [ , ]
|
-
- a
- Instytucja, która sporządziła opis (NP)
- WR U/JH
-
- b
- Język katalogowania
- pol
-
- e
- Zasady katalogowania
- rda
-
- c
- Instytucja, która sporządziła rekord (NP)
- WR U/JH
-
- d
- Instytucja, która zmodyfikowała rekord (P)
- WR U/hb
-
- d
- Instytucja, która zmodyfikowała rekord (P)
- LUBL KUL/IP
-
- d
- Instytucja, która zmodyfikowała rekord (P)
- KR U/42JCs
-
- d
- Instytucja, która zmodyfikowała rekord (P)
- KR 283/MW
|
|
041 -Język dokumentu [1, ]
|
-
- a
- Język tekstu (P)
- polski
-
- h
- Język tekstu oryginalnego i/lub pośredniego (P)
- niemiecki
|
|
942 -Rodzaj dokumentu [ , ]
|
-
- c
- Rodzaj dokumentu
- Książka
|
|
245 -Strefa tytułu i oznaczenia odpowiedzialności [1,0]
|
-
- a
- Tytuł
- Wyłącz, zanim będzie za późno :
-
- b
- Ciąg dalszy tytułu (NP)
- uzależnienie od komputera i internetu /
-
- c
- Pozostałe elementy strefy tytułu i oznaczenia odpowiedzialności (NP)
- Petra Schuhler, Monika Vogelgesang ; przekład Paweł Kaźmierczak, Elżbieta Sierosławska, Izabela Walczak.
|
|
246 -Wariant tytułu [1, ]
|
-
- i
- Tekst wyświetlany na ekranie monitora (NP)
- Tytuł oryginału:
-
- a
- Tytuł (NP)
- Abschalten statt Abdriften :
-
- b
- Ciąg dalszy tytułu (NP)
- Wege aus dem krankhaften Gebrauch von Computer und Internet
|
|
246 -Wariant tytułu [3,0]
|
-
- a
- Tytuł (NP)
- Uzależnienie od komputera i internetu
|
|
246 -Wariant tytułu [1,3]
|
-
-
- b
- Ciąg dalszy tytułu (NP)
- wyłącz, zanim będzie za późno
|
|
260 -Strefa adresu wydawniczego [ , ]
|
-
- a
- Miejsce wydania (P)
- Kraków :
-
- b
- Nazwa wydawcy (P)
- Wydawnictwo WAM,
-
- c
- Data wydania (P)
- © 2014.
|
|
080 -Uniwersalna Klasyfikacja Dziesiętna [ , ]
|
-
- 2
- Identyfikator wydania tablic
- UDC-P058
-
-
- a
- Symbol klasyfikacji
- 004.738.5
-
- b
- Dopowiedzenie
- Internet.
|
|
080 -Uniwersalna Klasyfikacja Dziesiętna [ , ]
|
-
- 2
- Identyfikator wydania tablic
- UDC-P058
-
-
- a
- Symbol klasyfikacji
- 316.77
-
- b
- Dopowiedzenie
- Socjologia komunikowania. Komunikacja społeczna. Wpływ środków masowego przekazu, decydentów, cenzury. Sprzężenie zwrotne komunikowania. Kultura audiowizualna.
|
|
080 -Uniwersalna Klasyfikacja Dziesiętna [ , ]
|
-
- 2
- Identyfikator wydania tablic
- UDC-P058
-
-
- a
- Symbol klasyfikacji
- 613.8
-
- b
- Dopowiedzenie
- Higiena układu nerwowego. Higiena i moralność.
|
|
080 -Uniwersalna Klasyfikacja Dziesiętna [ , ]
|
-
- 2
- Identyfikator wydania tablic
- UDC-P058
-
-
- a
- Symbol klasyfikacji
- 159.913
-
- b
- Dopowiedzenie
- Higiena umysłowa.
|
|
650 -Hasło przedmiotowe [ ,7]
|
-
- a
- Hasło przedmiotowe
- Uzależnienie od Internetu
-
- x
- Określnik rzeczowy
- leczenie
-
- v
- Określnik formalny
- poradniki.
-
-
|
|
650 -Hasło przedmiotowe [ ,7]
|
-
- a
- Hasło przedmiotowe
- Uzależnienie od Internetu
-
- x
- Określnik rzeczowy
- zapobieganie
-
- v
- Określnik formalny
- poradniki.
-
-
|
|
980 -Symbol UKD [ , ]
|
-
- a
- UKD
- 159.913:316.77:613.8:004.738.5
|
|
700 -Hasło dodatkowe - nazwa osobowa [1, ]
|
-
- a
- Nazwa osobowa (NP)
- Vogelgesang, Monika
-
- d
- Daty biograficzne (NP)
- (1960- ).
-
- e
- Określenie rodzaju współpracy
- Autor
-
|
|
700 -Hasło dodatkowe - nazwa osobowa [1, ]
|
-
- a
- Nazwa osobowa (NP)
- Sierosławska, Elżbieta.
-
- e
- Określenie rodzaju współpracy
- Tłumaczenie
-
|
|
700 -Hasło dodatkowe - nazwa osobowa [1, ]
|
-
- a
- Nazwa osobowa (NP)
- Walczak, Izabela.
-
- e
- Określenie rodzaju współpracy
- Tłumaczenie
-
|
|
700 -Hasło dodatkowe - nazwa osobowa [1, ]
|
-
- a
- Nazwa osobowa (NP)
- Kaźmierczak, Paweł
-
- d
- Daty biograficzne (NP)
- (1970-2024).
-
- e
- Określenie rodzaju współpracy
- Tłumaczenie
-
|
|
710 -Hasło dodatkowe - nazwa ciała zbiorowego [2, ]
|
-
- a
- Nazwa ciała zbiorowego lub nazwa geograficzna jako pierwszy element (NP)
- Wydawnictwo WAM (Kraków).
-
- e
- Rodzaj współpracy
- Wydawca
-
-
|